Drih pratigya hale/ (Record no. 12312)

MARC details
000 -LEADER
fixed length control field 00476nam a22001817a 4500
005 - DATE AND TIME OF LATEST TRANSACTION
control field 20260224091104.0
008 - FIXED-LENGTH DATA ELEMENTS--GENERAL INFORMATION
fixed length control field 260224b |||||||| |||| 00| 0 eng d
020 ## - INTERNATIONAL STANDARD BOOK NUMBER
International Standard Book Number 9789351659853
040 ## - CATALOGING SOURCE
Original cataloging agency IN-DiNC
Transcribing agency IN-DiNC
041 ## - LANGUAGE CODE
Language code of sung or spoken text Bengali
082 ## - DEWEY DECIMAL CLASSIFICATION NUMBER
Classification number 001
Item number DEV
100 ## - MAIN ENTRY--PERSONAL NAME
Personal name Devsare, Harikrishna
Relator term Author
245 ## - TITLE STATEMENT
Title Drih pratigya hale/
Statement of responsibility, etc. by Harikrishna Devsare
260 ## - PUBLICATION, DISTRIBUTION, ETC.
Place of publication, distribution, etc. New Delhi:
Name of publisher, distributor, etc. Diamond books,
Date of publication, distribution, etc. 2016.
300 ## - PHYSICAL DESCRIPTION
Extent 165p.
650 ## - SUBJECT ADDED ENTRY--TOPICAL TERM
Topical term or geographic name entry element Self reliance
942 ## - ADDED ENTRY ELEMENTS (KOHA)
Source of classification or shelving scheme Dewey Decimal Classification
Koha item type Books
Holdings
Withdrawn status Lost status Source of classification or shelving scheme Damaged status Not for loan Collection code Home library Current library Shelving location Date acquired Cost, normal purchase price Total Checkouts Full call number Barcode Date last seen Date last checked out Copy number Price effective from Koha item type
    Dewey Decimal Classification     Bengali Central Library, Naharkatiya College Central Library, Naharkatiya College General Stacks 24/02/2026 150.00 1 001 DEV 24140 02/05/2026 24/02/2026 1 24/02/2026 Books

Naharkatiya College © 2020. All rights reserved.

Powered By